U.S. Presidents Wearing Funny Hats - Statistics

General Stats
  • This quiz has been taken 347 times
    121 since last reset
  • The average score is 21 of 28
Answer Stats
Picture Answer % Correct
Abraham Lincoln
99%
John F. Kennedy
98%
Donald Trump
97%
Joe Biden
97%
Ronald Reagan
97%
Barack Obama
95%
George H.W. Bush
92%
Bill Clinton
91%
Jimmy Carter
90%
George W. Bush
89%
Richard Nixon
89%
Ulysses S. Grant
81%
Gerald R. Ford
79%
Dwight D. Eisenhower
77%
Harry S. Truman
77%
Lyndon B. Johnson
74%
William Howard Taft
72%
Woodrow Wilson
72%
John Adams
69%
Theodore Roosevelt
66%
James Madison
61%
Thomas Jefferson
61%
Calvin Coolidge
58%
Warren G. Harding
54%
James Garfield
50%
James Monroe
50%
Franklin D. Roosevelt
39%
Herbert Hoover
24%
No matching quizzes found
Score Distribution
Percent of People with Each Score
Percentile by Number Answered
Your Score History
You have not taken this quiz since the last reset